Cvičné programy pre periférie PAS 465 a DIGIGRAF /

Na minha lista:
Detalhes bibliográficos
Autor principal: Vavrová, Jana (Author)
Outros Autores: Burger, Ivan (Thesis advisor), Čičák, Pavel, 1955- (Thesis advisor)
Formato: Manuscrito Livro
Idioma:eslovaco
Publicado em: Bratislava : Slovenská vysoká škola technická 1984
Tags: Adicionar Tag
Sem tags, seja o primeiro a adicionar uma tag!

MARC

LEADER 00000ntm a22000003a 4500
001 0064977
003 SK-STU
005 20180511145307.6
007 ta
008 180511s2018----xo-----f-mn---000-0-slo-d
040 |a STU  |b slo 
041 0 |a slo 
044 |a xo  |c SK 
100 1 |4 aut  |a Vavrová, Jana 
245 1 0 |a Cvičné programy pre periférie PAS 465 a DIGIGRAF /  |c škol. Ivan Burger 
260 |c 1984  |a Bratislava :  |b Slovenská vysoká škola technická 
300 |a 52 s., vložené tlačené prílohy a grafy 
700 1 |a Burger, Ivan  |4 ths 
700 1 |a Čičák, Pavel,  |d 1955-  |u 070100  |r Z1  |4 ths  |U FIIT Fakulta informatiky a informačných technológií  |T FIIT Ústav počítačových systémov a sietí  |X 1926  |U I100  |Y 178  |7 1926 
996 |c I*DP79/84  |l II680  |s P  |a 0  |w 0064977_0001